MDQL
is popping MORE tags! Check the
thread
!
Quizzes
Events
Quiz Creation
Community
Videos
Private Events
Remove Ads
Sign In
Join for FREE
Feedback
Dark Mode
Quiz Categories
Sports
Geography
Music
Movies
Television
Just For Fun
Miscellaneous
History
Literature
Language
Science
Gaming
Entertainment
Religion
Holiday
For Kids
Quiz Lab
Recent
Popular Today
Quiz Kudos Today
Editor Picks
Curator Picks
Quizzes by...
Day
Popularity
Type
Ratings
Length
Year
Community
Subscriptions
Recent Discussions
Orange Saloon
Badges
Playlists
Quests
Create
Leaderboards
Showdown
Live 5
Trivia Bingo
Activity
Puzzle Library
Sporcle Events
Private Events
Virtual Trivia
Globe League
Become a Host
Pub Owners
SporcleCon
Opinionation
Our Games
Videos
Blog
Mobile Apps
Partnerships
Remove Ads and Go Orange
Feedback
Language
Vocabulary
Begins and Ends
Definition
Spanish
French
German
Italian
Chinese
Latin
Translation
Japanese
Language
Vocabulary
Begins and Ends
Definition
Spanish
French
German
Italian
Chinese
Latin
Translation
Japanese
Random Quiz
Search Sporcle
×
Quiz Lab
Quiz Lab
Language
Etymology
Type in answers that appear in a list
Type in answers that appear in a list
Classic
Best Score? Go Orange.
Arabism or not? Stats
Can you name the arabisms and the not-arabisms?
By
tyl
6m
35 Questions
99 Plays
99 Plays
99 Plays
Comments
Comments
Give Quiz Kudos
Give Quiz Kudos
-
- Ratings
hide this ad
Forced Order
Answers have to be entered in order
Answers have to be entered in order
Wrong Answers
Some wrong answers will appear in red
Some wrong answers will appear in red
Random Order
Randomize order of answers
Randomize order of answers
Replay
Link that replays current quiz
Next Quiz
Link to next quiz in quiz playlist
You Got
0%
They Got
Avg Score
60%
Avg Friend Score
Upgrade to see
Score Distribution
Jump to the score distribution portion of the page
Score
0/35
Timer
06:00
0
Plays Today
English word
Y/N
% Correct
hashish
???
91.9%
alkali
???
81.8%
alfalfa
???
80.8%
noodle
???
78.8%
El Cid
???
74.7%
robot
???
74.7%
cipher
???
73.7%
Comoros
???
72.7%
giraffe
???
71.7%
tariff
???
69.7%
tamarind
???
67.7%
arsenal
???
65.7%
(coffee) bean
???
65.7%
Egypt
???
63.6%
tantra
???
63.6%
earth
???
63.6%
cat
???
62.6%
sl*t (Sporcle censorship)
???
62.6%
English word
Y/N
% Correct
yogurt
???
60.6%
caliber
???
59.6%
Guadalquivir
???
59.6%
Niger
???
58.6%
mattress
???
57.6%
Valencia
???
57.6%
Swahili
???
54.5%
analysis
???
54.5%
tare
???
52.5%
amok
???
52.5%
artichoke
???
49.5%
sorbet
???
47.5%
albino
???
46.5%
catamaran
???
38.4%
Fomalhaut
???
36.4%
Satan
???
36.4%
bazar
???
22.2%
Quiz Playlist
Details
Report
Send in Message
Add To Playlist
Classic:
Type in answers that appear in a list
Forced Order:
Answers have to be entered in order
Wrong Answers:
Some wrong answers will appear in red
Random Order:
Randomize order of answers
Last Updated: Feb 16, 2017
Quiz Scoreboard
CHALLENGE
Sign Up to Join the Scoreboard
Show All
Scores
Hide
Comments
May contain spoilers
Recently Published
Image Sorting: Flags VI
by Barbecue
Geography
2m
Find the 'City' Movie
by crazypaving
Movies
60s
Colored Red Africa Blitz
by spor1
Geography
45s
More to Explore
Quiz From the Vault
Featured Blog Post
14 Easter Pick-up Lines to Find Eggs With
hide this ad
You Might Also Like...
Tags
Arabic
English
Etymology
Today's Top Quizzes in Language
Browse Language
hide this ad
Today's Top Quizzes in Etymology
Browse Etymology
Top Contributed Quizzes in Language
1
What Word Starts All?
2
Arabic Numerals
3
1-10 Letter F Words III
4
1-10 Letter G Words III
5
1-10 Letter H Words III
6
Weisst du, aus welchen Sprachen diese Wörter stammen?
7
1-10 Letter I Words III
8
Latihan Huruf Hiragana KA KI KU KE KO
9
1-10 Letter M Words III
10
1-10 Letter J Words III
Explore More
Trending Topics
Kpop
Disney
Marvel
Harry Potter
Anime
Crossword
NBA
WWE
Soccer
Pokémon
Puzzle
Country
The Office
Song
NFL
hide this ad
More By:
tyl
Quiz
Plays
Rating
Category
Featured
Created
High level countries
5,405
4.59
Geography
Mar 28, 2011
Who Wants to be a Kyrgyz Millionaire?
2,736
3.52
Miscellaneous
Dec 1, 2011
Cyrillic script countries
1,296
4.43
Language
Mar 31, 2011
Oldest flags still in use
1,278
3.67
Geography
Jul 3, 2011
Buenos Aires partidos
1,072
5.00
Geography
Mar 29, 2011
Go to Creator's Profile
Score Distribution
Quiz Creator Spotlight
tyl
Follow
Send a Message
Quizzes Created
-
Created Quiz Play Count
-
More By This Creator
Popular Quizzes Today
1
Colored Red Africa Blitz
2
Find the US States - No Outlines Minefield
3
Find the 'City' Movie
4
5x2 Blitz: Bands
5
The Countries of the World
6
Find the US States
7
Find the Countries of Europe - No Outlines Minefield
8
US States
More Language Quizzes
Harry Potter Book 2 Chapter Titles In Latin
Curator's Pick
Trending Quizzes
Colored Red Europe Blitz I
Colored Red Europe Blitz II
Colored Red Africa Blitz II
Colored Red Europe Blitz III
Colored Red Africa Blitz III
Recently Updated
How Do You Spell That?
pecheneg
Godzilla Movies
pecheneg
Grab Bag: 4-10 Letters
pecheneg
2024 March Madness Bracket
pecheneg
Famous TV Couples
Peacemaker
Champions League XIs: Real Madrid
pecheneg
Largest US Cities 1790-2010
pecheneg
Rides in Walt Disney World
pecheneg
Most Oscar Losses (Acting)
pecheneg
Beyoncé Albums
pecheneg
Trending Topics
Kpop
Anime
Harry Potter
Marvel
Crossword
Disney
NBA
Puzzle
NFL
Soccer
The Office
Pokémon
Country
Song
WWE
Your Account Isn't Verified!
In order to create a playlist on Sporcle, you need to verify the email address you used during registration. Go to your
Sporcle Settings
to finish the process.
Report this User
Report this user for behavior that violates our
Community Guidelines
.
Details:
Send Report
Go to the Sporcle.com Mobile Site →
Comments